Mulheres inteligentes jogam para ganhar (Record no. 136767)

MARC details
000 -LÍDER
campo de controle de tamanho fixo 00629 a2200181 4500
001 - NÚMERO DE CONTROLE
campo de controle 136767
020 ## - ISBN - INTERNATIONAL STANDARD BOOK NUMBER
ISBN - International Standard Book Number 9788563066060
040 ## - FONTE DA CATALOGAÇÃO
Instituição que transcreveu o registro Leonardo Da Vinci
041 ## - CÓDIGO DE IDIOMA
Código do idioma do texto/trilha sonora ou título diferente Português
082 ## - CDD - CLASSIFICAÇÃO DECIMAL DE DEWEY
Número de Classificação 650.1 T791m
Número do exemplar T791m
100 ## - ENTRADA PRINCIPAL--NOME PESSOAL
Nome pessoal TRUMP, Ivanka
245 ## - TÍTULO
Título Mulheres inteligentes jogam para ganhar
Restante do título não importa de onde você comece, supere todas as expectativas no<br/>trabalho e na vida
260 ## - PUBLICAÇÃO, DISTRIBUIÇÃO, ETC.
Nome do editor, distribuidor, etc. Lua de papel
Data da publicação, distribuição, etc. 2010
Local de publicação, distribuição, etc. São Paulo
362 ## - DATAS DE PUBLICAÇÃO E/OU DESIGNAÇÃO SEQUENCIAL
Datas de publicação e/ou designação sequencial 20100000
500 ## - NOTA GERAL
Nota geral Tradução: Thereza Christina Motta
697 ## - ENTRADA DE ASSUNTO LOCAL--ENTIDADE COLETIVA (RLIN)
Nome corporativo ou nome da jurisdição Significância pessoal
-- Sucesso
-- Aspectos psicológicos
-- Sucesso em negócios
-- Administração
942 ## - ELEMENTOS DE ENTRADA ADICIONADOS (KOHA)
Tipo de material Koha Livros
Holdings
Situação do descarte Situação das perdas Situação física Não pode ser emprestado Biblioteca de origem Biblioteca atual Data de aquisição Total de empréstimos Número de chamada completo Código de barras Data de último acesso Data do preço efetivo Tipo de material Koha
        Leonardo Da Vinci - Osasco Leonardo Da Vinci - Osasco 27/03/2024   650.1 T791m O013766 27/03/2024 27/03/2024 Livros